Asian Glory : Cricket World Cup 2011 (Record no. 327392)
[ view plain ]
| 000 -LEADER | |
|---|---|
| fixed length control field | 00304 a2200121 4500 |
| 001 - CONTROL NUMBER | |
| control field | 92319 |
| 003 - CONTROL NUMBER IDENTIFIER | |
| control field | NUST |
| 005 - DATE AND TIME OF LATEST TRANSACTION | |
| control field | 20180120151846.0 |
| 008 - FIXED-LENGTH DATA ELEMENTS--GENERAL INFORMATION | |
| fixed length control field | 180120b xxu||||| |||| 00| 0 eng d |
| 082 ## - DEWEY DECIMAL CLASSIFICATION NUMBER | |
| Classification number | 796.358 KHA |
| 100 ## - MAIN ENTRY--PERSONAL NAME | |
| Personal name | Syed Khalid Mahmood |
| 9 (RLIN) | 1581 |
| 245 ## - TITLE STATEMENT | |
| Title | Asian Glory : Cricket World Cup 2011 |
| 260 ## - PUBLICATION, DISTRIBUTION, ETC. | |
| Place of publication, distribution, etc. | Karachi |
| Name of publisher, distributor, etc. | Jumbo Publishing |
| Date of publication, distribution, etc. | 2011 |
| 300 ## - PHYSICAL DESCRIPTION | |
| Extent | 162p. |
| 942 ## - ADDED ENTRY ELEMENTS (KOHA) | |
| Institution code [OBSOLETE] | CAE NUST |
| Koha item type | Book |
| Call number prefix | 796.358 KHA |
| Source of classification or shelving scheme | |
| Withdrawn status | Lost status | Damaged status | Not for loan | Collection code | Permanent Location | Current Location | Date acquired | Total Checkouts | Full call number | Barcode | Date last seen | Price effective from | Koha item type |
|---|---|---|---|---|---|---|---|---|---|---|---|---|---|
| College of Aeronautical Engineering (CAE) | College of Aeronautical Engineering (CAE) | 04/03/2017 | 796.358 KHA | CAEN-6264 | 04/05/2017 | 04/05/2017 | Book |
